Tabela wszechczasów Eredivisie. - Statystyki

Ogólne statystyki
  • Ten quiz został rozwiązany 25 razy
  • Średni wynik to 10 z 62
Statystyki odpowiedzi
Odpowiedź % Poprawnych
1 Ajax Amsterdam / Ajax
96%
2 PSV Eindhoven / PSV
96%
3 Feyenoord Rotterdam / Feyenoord
83%
7 AZ Alkmaar
74%
4 Twente Enschede / Twente
70%
5 Sparta Rotterdam / Sparta
61%
6 Utrecht
57%
10 NAC Breda
52%
12 Vitesse Arnhem / Vitesse
43%
11 ADO Den Haag
39%
24 Excelsior Rotterdam / Excelsior
30%
16 Go Ahead Eagles
30%
13 Willem II Tilburg / Willem II
30%
8 Groningen
26%
21 Heracles Almelo
22%
22 PEC Zwolle
22%
9 Roda JC Kerkrade / Roda JC
22%
15 SC Heerenveen
22%
44 FC Eindhoven
13%
20 FC Volendam
13%
19 Fortuna Sittard
13%
18 RKC Waalwijk
13%
34 SC Cambuur Leeuwarden / Cambuur
13%
23 VVV-Venlo / Venlo / VVV Venlo
13%
49 Almere City
9%
37 FC Amsterdam
9%
29 FC Den Bosch
9%
39 FC Dordrecht
9%
42 Fc Emmen
9%
17 MVV Maastricht
9%
28 DWS Amsterdam
4%
51 Helmond Sport
4%
25 HFC Haarlem
4%
56 AGOVV Apeldoorn
0%
55 Alkmar '54
0%
50 ASC De Volewijckers
0%
33 ASV Blauw-Wit
0%
45 BVC Amsterdam
0%
60 C & FC Hermes-DVS / C & FC Hermes
0%
26 De Graafschap Doetinchen
0%
62 Enschedese Boys
0%
30 Fortuna '54
0%
58 HFC EDO Haarlem
0%
38 Holland Sport
0%
14 NEC Njimegen
0%
40 NOAD Tilburg
0%
35 Rapid JC
0%
41 RBC Roosendaal
0%
61 RCH Heemstede
0%
53 RFC Xerkes
0%
43 RKSV Sittardia
0%
32 SC Enschende
0%
31 SC Telstar
0%
47 SC Veendam / Veendam
0%
54 SV Limburgia
0%
57 SV Maurits
0%
46 SVV Schiedam
0%
36 USV Elinkwijk
0%
59 VSV Velsen
0%
27 VV Dos Utrecht
0%
48 WVV Wageningen
0%
52 Xerkes / DHC '66
0%
Nie znaleziono quizów pasujących do podanych kryteriów
Rozkład punktacji
Procent ludzi z każdym wynikiem
Percentyl według liczby udzielonych odpowiedzi
Twoja historia wyników
Nie rozwiązałeś tego quizu